| 000 | 00625nam a2200205 4500 | ||
|---|---|---|---|
| 003 | OSt | ||
| 005 | 20240626082239.0 | ||
| 006 | a | ||
| 008 | 240626b |||||||| |||| 00| 0 eng d | ||
| 020 | _a9789715132848 | ||
| 040 |
_aDWCL-HMN lib. _cOC |
||
| 082 | _aFil. 610.73 C142n 2010 | ||
| 100 | _aCalano, Roel B. | ||
| 245 | _aNursing informatics : an illustrative approach : text-workbook / | ||
| 260 |
_aManila : _bEducational Pub. House, _cc2010. |
||
| 300 |
_axxxi, _b536 p. : ill. ; _c24 cm. |
||
| 504 | _aIncludes bibliographical references. | ||
| 650 | _a1. Nursing informatics. | ||
| 942 |
_2ddc _n0 _cBK - FIL _kFil. |
||
| 999 |
_c1425 _d1425 |
||